| 000 | 02580nam a2200265 4500 | ||
|---|---|---|---|
| 001 | vtls002136360 | ||
| 003 | MY-SjTCS | ||
| 005 | 20200306153457.0 | ||
| 008 | 110218s1999 gw a 001 eng | ||
| 020 | _a3829020457 | ||
| 039 | 9 |
_a201909181007 _bummi _c201102181620 _dVLOAD _y200407271925 _zVLOAD |
|
| 082 | 0 | 4 |
_a720.9 _bTIE |
| 100 | 1 |
_aTietz, Jürgen, _d1964- _913089 |
|
| 245 | 1 | 4 |
_aThe story of architecture of the 20th century / _cJurgen Tietz ; [with contributions from Wolfgang Hoffman and Phillipp Meuseur ; drawings, Meuser Architects, Berlin ; translated from German, Susan Bennett in association with Goodfellow & Egan, Cambridge] |
| 260 |
_aCologne : _bKönemann, _cc1999 |
||
| 300 |
_a119 p. : _bill. (some col.) ; _c30 cm. |
||
| 500 | _aTranslation of: Geschicthe der Architektur des 20. Jahrhunderts | ||
| 505 | 0 | _aArchitecture At The Turn Of The Century. The Roots in the 18th and 19th Centuries. Art Nouveau. Adolf Loos. Frank Lloyd Wright. - The First Moderns. Modernization and Industrialization. Neoclassicism. Peter Behrens. Expressionism. Cubism. Futurism. - The International Style. Architecture after the First World War. De. Stijl. The Bauhaus. Constructivism. Rationalism versus Neoclassicism. New Building in Germany. Town Planning in the 20th Century. - American Architecture. Land Speculation and Architecture Engineering. Europe meets USA. Art Deco. - Architecture And Power. The Rule of Force. - The Globalization Of Modern Architecture. Visions of a City Architecture. The Bauhaus Tradition in the USA. Miew van der Rohe. Reactions. Architecture as Sculpture. Le Corbusier. The New City. Town Planning in the 20th Century. - Vision And Reality. Socialism versus Capitalism. Brutalism. Expression in Concrete. Louis I. Kahn. Alvar Aalto. Approaches to History. The Glass Office. - High-Tech And Postmodern. High-Tech Architectgure. De-Architecture. Postmodernism. Kenzo Tange. - Crossing Boundaries. Culture as Experience and Consumerism. Deconstruction. The Rationalist Tradition in Italy. James Stirling. The School of Tessin. Japan. - Looking Into The Future. Contemporary but Eternal. Architecture in the Virtual Age. The Aesthetic of Simplicity. Sculpture and Architecture. Architecture in the 21st Century. - Dictionary of Terms. - Index of Names. - Picture Credits. | |
| 650 | 0 |
_aArchitecture _xHistory. _97995 |
|
| 650 | 0 |
_aArchitecture, Modern _y20th century _xHistory. _9201285 |
|
| 700 | 1 |
_aBennett, Susan. _e(tr.) _9201286 |
|
| 700 | 1 |
_aHoffman, Wolfgang. _9201287 |
|
| 700 | 1 |
_aMeuser, Philipp, _d1969- _925167 |
|
| 920 | _aDIP : 522707 | ||
| 999 | _c20985 | ||